000 00851nam a22002417a 4500
999 _c11802
_d11802
003 AR-CdUCM
008 190405b ||||| |||| 00| 0 spa d
040 _aMUNICIPALIDAD PROVINCIAL DEL CUSCO
_cBIBLIOTECA MUNICIPAL DEL CUSCO
041 _hru
082 _a848.9 /
_bP156 / 1934
100 _aPaleologue, Maurice
_929348
245 _aAlejandra Feodorowna :
_bemperatriz de Rusia /
260 _aSantiago de Chile :
_bEdit. Cultura,
_c1934.
300 _a157 páginas ;
_c18 cm.
440 _aColección hombres e ideas Filosofía, política, biografías
_926619
505 _aContenido: Novelas históricas rusas.
650 _aNovelas históricas rusas
_929349
650 _aEmperatriz rusa
_929350
650 _aHistoria de Rusia
_98411
700 _aMeza T., Julio (traducción)
_929351
942 _2ddc
_cLIBROS
945 _adavv
_d05/04/2019